[Event "Small Paris-ch"]
[Site "Paris"]
[Date "2015.07.11"]
[Round "6"]
[White "Albaric, Etienne"]
[Black "Ferry, Roger"]
[Result "1-0"]
[WhiteElo "1995"]
[BlackElo "1983"]
[PlyCount "125"]
[EventDate "2015.07.06"]
[EventType "swiss"]
[EventRounds "7"]
[EventCountry "FRA"]
[SourceTitle "EXT 2016"]
[Source "ChessBase"]
[SourceDate "2015.10.08"]
[SourceVersion "1"]
[SourceVersionDate "2015.10.08"]
[SourceQuality "1"]

1. e4 e6 2. d4 d5 3. Nd2 dxe4 4. Nxe4 Nd7 5. Nf3 Ngf6 6. Nxf6+ Nxf6 7. c3 b6 8. Ne5 Bb7 9. Bb5+ c6 10. Qf3 Bd6 11. Bxc6+ Bxc6 12. Qxc6+ Ke7 13. Qb7+ Qc7 14. Qxc7+ Bxc7 15. Bf4 Bxe5 16. Bxe5 Nd7 17. Ke2 f6 18. Bg3 b5 19. a4 a6 20. axb5 axb5 21. Kd3 Nb6 22. b3 Rhc8 23. Bf4 Kd7 24. Bd2 e5 25. dxe5 fxe5 26. f3 Ke6 27. Rhc1 Rd8+ 28. Kc2 Nd5 29. Rxa8 Rxa8 30. Kb2 Rd8 31. Ra1 h5 32. Kc2 Rc8 33. Ra6+ Kf5 34. Kb2 e4 35. Ra5 Nc7 36. c4 Rb8 37. c5 Nd5 38. fxe4+ Kxe4 39. Ra7 g6 40. Rd7 b4 41. c6 Rc8 42. Rd6 Rg8 43. Kc2 Ke5 44. Rd7 Rc8 45. c7 Nxc7 46. Kd3 Nd5 47. Rb7 Rd8 48. Rb5 Ke6 49. Kc4 Nf6 50. Bxb4 Rd1 51. Rg5 Kf7 52. Kb5 Rh1 53. h3 Rg1 54. Bc5 Rf1 55. Re5 Ng8 56. b4 Rd1 57. Re2 Nf6 58. Kc6 Nd5 59. b5 Nc3 60. Rf2+ Ke6 61. b6 Rd8 62. b7 Rg8 63. Rf8 1-0

[Event "Small Paris-ch"]
[Site "Paris"]
[Date "2015.07.09"]
[Round "4"]
[White "Deloire, Philippe"]
[Black "Ferry, Roger"]
[Result "1/2-1/2"]
[WhiteElo "1809"]
[BlackElo "1983"]
[PlyCount "106"]
[EventDate "2015.07.06"]
[EventType "swiss"]
[EventRounds "7"]
[EventCountry "FRA"]
[SourceTitle "EXT 2016"]
[Source "ChessBase"]
[SourceDate "2015.10.08"]
[SourceVersion "1"]
[SourceVersionDate "2015.10.08"]
[SourceQuality "1"]

1. e4 e6 2. d4 d5 3. e5 c5 4. c3 Qb6 5. Nf3 Bd7 6. Be2 Bb5 7. 0-0 Nc6 8. Bxb5 Qxb5 9. a3 Nh6 10. Re1 Nf5 11. b4 cxd4 12. cxd4 Qb6 13. Be3 Rc8 14. g4 Nxe3 15. fxe3 Be7 16. Nbd2 0-0 17. g5 f6 18. exf6 gxf6 19. h4 fxg5 20. Nxg5 Bxg5 21. hxg5 e5 22. Nf3 e4 23. Nh4 Ne7 24. Qg4 Qd6 25. Rf1 Rc2 26. Rxf8+ Kxf8 27. Rf1+ Ke8 28. Rf4 Qc6 29. Qh5+ Ng6 30. Rf1 Qc7 31. Rf4 Qc3 32. Ng2 Qd2 33. Rg4 Qf2+ 34. Kh2 Qf7 35. Qh3 Qc7+ 36. Rg3 Qf7 37. Qg4 Ne7 38. Qd1 Qf2 39. Qh5+ Qf7 40. Qd1 Rf2 41. Kg1 Ng6 42. Qa4+ Kf8 43. Qxa7 Rf1+ 44. Kh2 Rf2 45. Qb8+ Kg7 46. a4 Nh4 47. Qe5+ Kg8 48. Qb8+ Kg7 49. Qe5+ Kg8 50. Qb8+ Kg7 51. Qe5+ Kg6 52. Qd6+ Kg7 53. Qh6+ Kg8 1/2-1/2

[Event "Paris-ch op-B 87th"]
[Site "Paris"]
[Date "2012.07.11"]
[Round "5"]
[White "Ferry, Roger"]
[Black "Chanoine, Guillaume"]
[Result "1-0"]
[WhiteElo "2062"]
[BlackElo "2297"]
[PlyCount "127"]
[EventDate "2012.07.07"]
[EventType "swiss"]
[EventRounds "9"]
[EventCountry "FRA"]
[SourceTitle "EXT 2013"]
[Source "ChessBase"]
[SourceDate "2012.11.22"]
[SourceVersion "1"]
[SourceVersionDate "2012.11.22"]
[SourceQuality "1"]

1. d4 f5 2. Nf3 Nf6 3. g3 g6 4. Bg2 Bg7 5. c4 0-0 6. 0-0 d6 7. Nc3 Qe8 8. Bg5 c6 9. Qd2 Be6 10. d5 Bf7 11. Bh6 cxd5 12. Bxg7 Kxg7 13. cxd5 Nbd7 14. Ng5 Nb6 15. Ne6+ Bxe6 16. dxe6 d5 17. f3 Rd8 18. Qd4 Qc6 19. g4 Kg8 20. gxf5 gxf5 21. Bh3 Qxe6 22. Kh1 Kh8 23. Rg1 Nc4 24. Rg5 Qe3 25. Qh4 Rg8 26. Rxf5 Rg6 27. Qf4 Qxf4 28. Rxf4 e5 29. Rh4 Rd6 30. Rg1 Rxg1+ 31. Kxg1 Nxb2 32. Rb4 Rb6 33. Rxb6 axb6 34. Bc8 Kg7 35. Bxb7 d4 36. Nd5 Nxd5 37. Bxd5 Nd1 38. Bb3 Ne3 39. Kf2 Kh6 40. Kg3 Kg5 41. Be6 Nf5+ 42. Kf2 Ne3 43. Kg3 Nf5+ 44. Kf2 b5 45. a3 Kf4 46. Bd7 Nd6 47. Bc6 h6 48. Bd7 Kg5 49. Kg3 Kf6 50. Kg4 Ke7 51. Bc6 Kd8 52. Kh5 Kc7 53. Bd5 Nc4 54. Kxh6 Nxa3 55. h4 Nb1 56. Be4 Nc3 57. Bd3 Kc6 58. Kg7 Nd5 59. h5 Nf4 60. h6 Nxd3 61. exd3 Kc5 62. h7 Kb4 63. h8Q Kc3 64. Kf6 1-0

[Event "FRA-ch op-A"]
[Site "Belfort"]
[Date "2010.08.21"]
[Round "11"]
[White "Ternault, Mathieu"]
[Black "Ferry, Roger"]
[Result "1-0"]
[WhiteElo "1989"]
[BlackElo "2063"]
[PlyCount "63"]
[EventDate "2010.08.09"]
[EventType "swiss"]
[EventRounds "11"]
[EventCountry "FRA"]
[SourceTitle "CBM 138 Extra"]
[Source "ChessBase"]
[SourceDate "2010.10.29"]
[SourceVersion "1"]
[SourceVersionDate "2010.10.29"]
[SourceQuality "1"]

1. e4 e6 2. d4 c5 3. Nf3 Nf6 4. e5 Ng8 5. d5 exd5 6. Qxd5 Qe7 7. Be3 Qe6 8. Qd2 d5 9. Nc3 d4 10. Nb5 Na6 11. Bf4 Bd7 12. Bd3 Bc6 13. Ng5 Qd7 14. Qe2 Nh6 15. e6 fxe6 16. Nxe6 Kf7 17. Bc4 Bd5 18. Qh5+ g6 19. Qxd5 Qxd5 20. Bxd5 Nb4 21. Nxf8+ Nxd5 22. Bxh6 Ne7 23. Nd7 b6 24. Ne5+ Kf6 25. Nf3 Nd5 26. 0-0-0 a6 27. Nc3 Nb4 28. Ne4+ Kf7 29. a3 Nc6 30. Rhe1 Rhe8 31. Nfg5+ Kg8 32. Nf6+ 1-0

[Event "FRA-ch op-A"]
[Site "Belfort"]
[Date "2010.08.18"]
[Round "8"]
[White "Ferry, Roger"]
[Black "Ollier, Milan"]
[Result "0-1"]
[WhiteElo "2063"]
[BlackElo "2116"]
[PlyCount "76"]
[EventDate "2010.08.09"]
[EventType "swiss"]
[EventRounds "11"]
[EventCountry "FRA"]
[SourceTitle "CBM 138 Extra"]
[Source "ChessBase"]
[SourceDate "2010.10.29"]
[SourceVersion "1"]
[SourceVersionDate "2010.10.29"]
[SourceQuality "1"]

1. d4 Nf6 2. Nf3 g6 3. Bf4 Bg7 4. e3 d5 5. h3 c5 6. c3 Qb6 7. Qb3 c4 8. Qc2 Bf5 9. Qc1 Qa5 10. Nbd2 b5 11. Ne5 Nfd7 12. Ndf3 f6 13. Nxd7 Nxd7 14. Be2 e5 15. Bg3 0-0 16. 0-0 Rfe8 17. Rd1 Nb6 18. Rd2 b4 19. Bd1 Bd3 20. cxb4 Qxb4 21. Qc3 Qe7 22. Qa5 e4 23. Ne1 Bf8 24. a3 Rec8 25. Ba4 Qe6 26. Nxd3 cxd3 27. Bb3 Bd6 28. Bxd6 Qxd6 29. Rdd1 Nc4 30. Qb4 Qxb4 31. axb4 Rab8 32. Bxc4 Rxc4 33. Ra5 Rcxb4 34. Rxd5 Rxb2 35. Rc5 Rc2 36. Ra5 d2 37. Kf1 Rb1 38. Ke2 Rcc1 0-1

[Event "FRA-ch op-A"]
[Site "Belfort"]
[Date "2010.08.15"]
[Round "6"]
[White "Ferry, Roger"]
[Black "Leuly, Max"]
[Result "1/2-1/2"]
[WhiteElo "2063"]
[BlackElo "2107"]
[PlyCount "58"]
[EventDate "2010.08.09"]
[EventType "swiss"]
[EventRounds "11"]
[EventCountry "FRA"]
[SourceTitle "CBM 138 Extra"]
[Source "ChessBase"]
[SourceDate "2010.10.29"]
[SourceVersion "1"]
[SourceVersionDate "2010.10.29"]
[SourceQuality "1"]

1. d4 Nf6 2. Nf3 g6 3. c4 Bg7 4. Nc3 0-0 5. g3 d5 6. Bg2 c6 7. 0-0 Ne4 8. Ne5 Nxc3 9. bxc3 f6 10. Nf3 dxc4 11. a4 Be6 12. e4 Na6 13. Qe2 Nc7 14. Rd1 Qc8 15. Nd2 b5 16. axb5 cxb5 17. Ba3 Re8 18. Bc5 Na6 19. e5 Nxc5 20. Bxa8 Na4 21. Rxa4 bxa4 22. exf6 exf6 23. Bf3 Bf7 24. Qf1 f5 25. Be2 Qc7 26. Ra1 a3 27. Nf3 Qa5 28. Qc1 h6 29. Qd2 Rb8 1/2-1/2

[Event "FRA-ch op-A"]
[Site "Belfort"]
[Date "2010.08.14"]
[Round "5"]
[White "Cristofari, Antoine"]
[Black "Ferry, Roger"]
[Result "0-1"]
[WhiteElo "2123"]
[BlackElo "2063"]
[PlyCount "96"]
[EventDate "2010.08.09"]
[EventType "swiss"]
[EventRounds "11"]
[EventCountry "FRA"]
[SourceTitle "CBM 138 Extra"]
[Source "ChessBase"]
[SourceDate "2010.10.29"]
[SourceVersion "1"]
[SourceVersionDate "2010.10.29"]
[SourceQuality "1"]

1. e4 e6 2. d4 c5 3. Nf3 d5 4. Nc3 Nc6 5. exd5 exd5 6. dxc5 Nf6 7. Bg5 Be6 8. Qe2 Bxc5 9. 0-0-0 0-0 10. Qb5 Bxf2 11. Kb1 a6 12. Qe2 Qb6 13. Rd2 Bc5 14. Na4 Qa7 15. Nxc5 Qxc5 16. Bxf6 gxf6 17. Qf2 Qxf2 18. Rxf2 d4 19. Ne1 Kg7 20. Be2 Rfd8 21. Rhf1 Rd6 22. Rf4 Ne7 23. Nf3 Rad8 24. Nd2 Ng6 25. R4f2 Bd5 26. a3 Ne5 27. Kc1 b5 28. Rf4 Ba8 29. R4f2 Rc8 30. Kb1 d3 31. cxd3 Nxd3 32. Bxd3 Rxd3 33. Nf3 Be4 34. Ka1 Rcd8 35. Re2 Bg6 36. Ref2 a5 37. Nh4 b4 38. axb4 axb4 39. b3 Rxb3 40. Ka2 Ra3+ 41. Kb2 Bd3 42. Rd1 Rda8 43. Rfd2 Bc4 44. Rd4 Ra2+ 45. Kc1 Ra1+ 46. Kd2 R8a2+ 47. Ke1 Re2+ 48. Kf1 Rd2+ 0-1

[Event "FRA-ch op-A"]
[Site "Belfort"]
[Date "2010.08.12"]
[Round "3"]
[White "Franck, Boris"]
[Black "Ferry, Roger"]
[Result "0-1"]
[WhiteElo "2086"]
[BlackElo "2063"]
[PlyCount "112"]
[EventDate "2010.08.09"]
[EventType "swiss"]
[EventRounds "11"]
[EventCountry "FRA"]
[SourceTitle "CBM 138 Extra"]
[Source "ChessBase"]
[SourceDate "2010.10.29"]
[SourceVersion "1"]
[SourceVersionDate "2010.10.29"]
[SourceQuality "1"]

1. e4 e6 2. Nf3 d5 3. e5 c5 4. b4 cxb4 5. a3 Nc6 6. axb4 Qc7 7. d4 Bxb4+ 8. c3 Be7 9. Bd3 Nh6 10. 0-0 0-0 11. Qc2 f5 12. exf6 Bxf6 13. Bxh7+ Kh8 14. Ba3 Rd8 15. Nbd2 e5 16. dxe5 Nxe5 17. Nxe5 Bxe5 18. Nf3 Bf6 19. Rac1 Bg4 20. Nd4 Rac8 21. h3 Bd7 22. Qd3 b5 23. Bg6 Qb6 24. Rb1 Rc4 25. Qg3 Rdc8 26. Rb3 a6 27. Bb1 Be8 28. Re1 Bf7 29. Qd3 Bg8 30. Re6 Rxd4 31. Rxb6 Rxd3 32. Bxd3 d4 33. c4 bxc4 34. Rb8 Rxb8 35. Rxb8 cxd3 36. Kf1 Kh7 37. Ke1 Bc4 38. Rb4 Bb5 39. Bb2 Nf5 40. g3 Bd8 41. Bxd4 Ba5 42. Bc3 Bxb4 43. Bxb4 Nd4 44. Kd2 Nc6 45. Bc5 a5 46. Bb6 a4 47. Bc5 Na5 48. Bb4 Nc6 49. Bc5 Kg6 50. f4 Na5 51. Bb4 Nb3+ 52. Kc3 Kf5 53. Kb2 Ke4 54. h4 Bd7 55. Bc3 g6 56. Bb4 Ke3 0-1

[Event "Paris-ch op-A"]
[Site "Paris"]
[Date "2010.07.03"]
[Round "1"]
[White "Ferry, Roger"]
[Black "Comes, Didier"]
[Result "1-0"]
[WhiteElo "2063"]
[BlackElo "1882"]
[PlyCount "123"]
[EventDate "2010.07.03"]
[EventType "swiss"]
[EventRounds "9"]
[EventCountry "FRA"]
[SourceTitle "CBM 137 Extra"]
[Source "ChessBase"]
[SourceDate "2010.09.01"]
[SourceVersion "1"]
[SourceVersionDate "2010.09.01"]
[SourceQuality "1"]

1. d4 Nf6 2. Nf3 e6 3. Bf4 c5 4. e3 Nc6 5. c3 b6 6. Nbd2 Bb7 7. Bd3 cxd4 8. exd4 Be7 9. h3 d6 10. Qe2 Qc8 11. 0-0 0-0 12. Rfe1 Re8 13. Nc4 Qc7 14. Bh2 Bf8 15. Qc2 g6 16. Ng5 Rad8 17. Ne3 Qe7 18. Ne4 Bg7 19. Nxf6+ Qxf6 20. Ng4 Qg5 21. Bg3 h5 22. f4 Qe7 23. Ne3 Rc8 24. Qf2 Qd7 25. Rad1 Ne7 26. Nf1 b5 27. Qd2 Nd5 28. Ne3 Nb6 29. Qe2 Bc6 30. Nc2 a5 31. Be4 d5 32. Bd3 Na4 33. Rb1 Qb7 34. a3 Bd7 35. Bf2 Bf8 36. g4 hxg4 37. hxg4 Bd6 38. Be3 Kg7 39. Kf2 Rh8 40. Rh1 Qc7 41. Kf3 Qc6 42. Na1 Nb6 43. Nb3 Nc4 44. Nd2 f5 45. g5 e5 46. fxe5 Nxe5+ 47. Kg2 Ng4 48. Bf2 Rce8 49. Qf3 Nh2 50. Qd1 Bf4 51. Nf3 Ng4 52. Qc2 Qd6 53. Rxh8 Rxh8 54. Rh1 Rxh1 55. Kxh1 Bg3 56. Bg1 f4 57. Ne5 Nxe5 58. dxe5 Qe6 59. Qg2 Qg4 60. Be2 Qe6 61. Bd4 Qf5 62. e6+ 1-0

[Event "FRA-ch op-A"]
[Site "Pau"]
[Date "2008.08.19"]
[Round "7"]
[White "Ferry, Roger"]
[Black "Manoeuvre, Antoine"]
[Result "1-0"]
[WhiteElo "2120"]
[BlackElo "2095"]
[PlyCount "153"]
[EventDate "2008.08.11"]
[EventType "swiss"]
[EventRounds "9"]
[EventCountry "FRA"]
[SourceTitle "CBM 126 Extra"]
[Source "ChessBase"]
[SourceDate "2008.11.05"]
[SourceVersion "1"]
[SourceVersionDate "2008.11.05"]
[SourceQuality "1"]

1. d4 e6 2. Nf3 Nf6 3. c3 d5 4. Bf4 c5 5. e3 Nc6 6. Nbd2 Bd6 7. Bg5 0-0 8. Bd3 h6 9. Bh4 cxd4 10. exd4 Be7 11. 0-0 Bd7 12. Qe2 Be8 13. h3 a6 14. a4 Rc8 15. Ne1 Qb6 16. Rb1 Na5 17. b4 Nc4 18. Nxc4 dxc4 19. Bc2 Qc7 20. Bxf6 Bxf6 21. Nf3 Bc6 22. Ne5 Bxe5 23. dxe5 Rfd8 24. Rbd1 b5 25. a5 Qb7 26. f3 Qa7+ 27. Qf2 Qxf2+ 28. Kxf2 Bd5 29. Rd4 Kf8 30. Rfd1 Ke7 31. g3 f6 32. exf6+ gxf6 33. Ke3 Kd6 34. Rh4 Rh8 35. Rh5 Rcg8 36. g4 Rg5 37. Rh4 Kc6 38. f4 Rgg8 39. Rh5 Re8 40. Bg6 Ref8 41. Be4 Rd8 42. Bc2 Rde8 43. Rg1 Ref8 44. Rg3 Rfg8 45. Bd1 Kd6 46. Kf2 Rc8 47. h4 Ke7 48. g5 hxg5 49. fxg5 Rxh5 50. gxf6+ Kxf6 51. Bxh5 Rh8 52. Rg5 Rh6 53. Kg3 Rh7 54. Kf4 Rh6 55. Kg4 Be4 56. Kg3 Bd5 57. Be2 Rh8 58. Rg4 Ke5 59. Rd4 Rg8+ 60. Bg4 Rf8 61. Rd1 Rg8 62. h5 Kf6 63. Kh4 Kg7 64. Re1 Kh6 65. Rf1 Kg7 66. Rg1 Kh6 67. Rg3 Rg7 68. Be2 Rxg3 69. Kxg3 Kg5 70. Bd1 Be4 71. Be2 Bd5 72. Bg4 e5 73. Bc8 Bc6 74. Bxa6 e4 75. Bc8 e3 76. Bg4 Bb7 77. Bd7 1-0

[Event "FRA-ch op-A"]
[Site "Pau"]
[Date "2008.08.16"]
[Round "5"]
[White "Ferry, Roger"]
[Black "Lagunes, Jean Renaud"]
[Result "1-0"]
[WhiteElo "2120"]
[BlackElo "2047"]
[PlyCount "71"]
[EventDate "2008.08.11"]
[EventType "swiss"]
[EventRounds "9"]
[EventCountry "FRA"]
[SourceTitle "CBM 126 Extra"]
[Source "ChessBase"]
[SourceDate "2008.11.05"]
[SourceVersion "1"]
[SourceVersionDate "2008.11.05"]
[SourceQuality "1"]

1. d4 d6 2. Nf3 Nf6 3. Bf4 g6 4. e3 Bg7 5. Bc4 0-0 6. c3 c6 7. a4 b6 8. Nbd2 Bb7 9. Qe2 a6 10. 0-0 Nbd7 11. h3 b5 12. Bd3 Qc7 13. Bh2 e5 14. dxe5 dxe5 15. Bc2 Qd6 16. Rfd1 Qe7 17. Nb3 Rac8 18. Rd2 Rc7 19. Rad1 Bc8 20. Na5 h6 21. Rd6 Nd5 22. Rxc6 Rxc6 23. Nxc6 Qc5 24. axb5 axb5 25. Rxd5 Qxc6 26. Qxb5 Qa8 27. Qa5 Qb7 28. b3 f6 29. Rd1 Kh7 30. Nd2 f5 31. Nc4 f4 32. Rd6 Bf6 33. exf4 exf4 34. Bxf4 Re8 35. Bg3 Qb8 36. Qh5 1-0

[Event "FRA-ch op-A"]
[Site "Aix les Bains"]
[Date "2007.08.21"]
[Round "8"]
[White "Thely, Ludovic"]
[Black "Ferry, Roger"]
[Result "1-0"]
[WhiteElo "2089"]
[BlackElo "2151"]
[PlyCount "105"]
[EventDate "2007.08.13"]
[EventType "swiss"]
[EventRounds "11"]
[EventCountry "FRA"]
[SourceTitle "CBM 120 Extra"]
[Source "ChessBase"]
[SourceDate "2007.11.01"]
[SourceVersion "1"]
[SourceVersionDate "2007.11.01"]
[SourceQuality "1"]

1. e4 c6 2. Nc3 d5 3. Nf3 Bg4 4. h3 Bh5 5. g4 dxe4 6. Nxe4 Bg6 7. Ng3 e6 8. Bc4 Bd6 9. d3 Qc7 10. Rg1 Nd7 11. Qe2 0-0-0 12. Bd2 Ne5 13. Bb3 Nxf3+ 14. Qxf3 Be5 15. 0-0-0 Ne7 16. h4 Bxg3 17. fxg3 h5 18. gxh5 Rxh5 19. Bg5 Rhh8 20. g4 Rdf8 21. Qe3 b6 22. Bxe6+ Kb7 23. Bb3 Nd5 24. Bxd5 cxd5 25. Qd4 Qc5 26. Qxc5 bxc5 27. h5 Bh7 28. Rde1 Re8 29. Kd2 Kc6 30. Rgf1 f6 31. Bh4 Rxe1 32. Rxe1 Kd7 33. Bf2 Rc8 34. Rg1 Ke6 35. g5 fxg5 36. Rxg5 Rc7 37. Bg3 Rd7 38. Be5 Rf7 39. Bxg7 Rf2+ 40. Kc3 Bg8 41. b3 c4 42. Bd4 Rf8 43. bxc4 dxc4 44. Kxc4 Kd6+ 45. Kc3 Rc8+ 46. Kd2 Bxa2 47. Bxa7 Bb1 48. c3 Ba2 49. c4 Bb3 50. h6 Rh8 51. Rh5 Ba4 52. Bd4 Rh7 53. Bg7 1-0

[Event "Paris-ch"]
[Site "Paris"]
[Date "2006.07.12"]
[Round "9"]
[White "Ferry, Roger"]
[Black "Debray, Christopher"]
[Result "0-1"]
[WhiteElo "2121"]
[BlackElo "2284"]
[PlyCount "112"]
[EventDate "2006.07.08"]
[EventType "swiss"]
[EventRounds "9"]
[EventCountry "FRA"]
[SourceTitle "EXT 2007"]
[Source "ChessBase"]
[SourceDate "2006.11.23"]
[SourceVersion "1"]
[SourceVersionDate "2006.11.23"]
[SourceQuality "1"]

1. d4 f5 2. Nf3 g6 3. g3 Bg7 4. Bg2 Nf6 5. 0-0 0-0 6. c4 d6 7. Nc3 Qe8 8. e4 fxe4 9. Ng5 Nc6 10. Nb5 Qd8 11. d5 Ne5 12. Nd4 Bg4 13. Qb3 Qc8 14. Nde6 Re8 15. Nxe4 Be2 16. Re1 Bxc4 17. Qc3 Nxd5 18. Qd2 Qxe6 19. Ng5 Qf5 20. Be4 Qf6 21. Bxd5+ Bxd5 22. Qxd5+ e6 23. Qxb7 Nd3 24. Ne4 Qf3 25. Rf1 Rab8 26. Qc6 Nb4 27. Qa4 Nd3 28. Nc3 Rf8 29. Qxa7 c5 30. Be3 Rxb2 31. Nd1 Rb7 32. Qa3 Bxa1 33. Qxd3 Bd4 34. Qc4 Qd5 35. Qa6 Rb1 36. Qd3 Qf5 37. Qd2 Bxe3 38. Nxe3 Rxf1+ 39. Kxf1 Qe5 40. a4 d5 41. Ng4 Qd4 42. Qg5 c4 43. h3 Qg7 44. a5 c3 45. a6 c2 46. Qc1 h5 47. Ne3 Qc3 48. Nxc2 Qxg3 49. Qe1 Qxh3+ 50. Kg1 Qg4+ 51. Kf1 Qc4+ 52. Kg1 Qxc2 53. Qxe6+ Rf7 54. Qe3 Qb1+ 55. Kh2 Qa2 56. Kg2 Qxa6 0-1

[Event "Paris-ch"]
[Site "Paris"]
[Date "2006.07.12"]
[Round "8"]
[White "Pozdnjakov, Evgueniy"]
[Black "Ferry, Roger"]
[Result "0-1"]
[WhiteElo "2240"]
[BlackElo "2121"]
[PlyCount "72"]
[EventDate "2006.07.08"]
[EventType "swiss"]
[EventRounds "9"]
[EventCountry "FRA"]
[SourceTitle "EXT 2007"]
[Source "ChessBase"]
[SourceDate "2006.11.23"]
[SourceVersion "1"]
[SourceVersionDate "2006.11.23"]
[SourceQuality "1"]

1. d4 d5 2. Nf3 Nf6 3. e3 c6 4. c4 e6 5. b3 Bb4+ 6. Bd2 Bxd2+ 7. Nbxd2 Ne4 8. Bd3 f5 9. Bxe4 fxe4 10. Ne5 0-0 11. 0-0 Nd7 12. Nxd7 Bxd7 13. f3 Qg5 14. Qe2 e5 15. dxe5 Qxe5 16. cxd5 cxd5 17. fxe4 Bc6 18. Rxf8+ Rxf8 19. Rf1 Rxf1+ 20. Qxf1 dxe4 21. Qc4+ Kf8 22. Qd4 Qd5 23. Nf1 a6 24. Kf2 Kf7 25. Ke1 Qa5+ 26. Qd2 Qe5 27. a4 Bd5 28. Qc2 Qe6 29. Nd2 Qe5 30. h3 Qg3+ 31. Kf1 Qxe3 32. Qc7+ Ke6 33. Nc4 Qd3+ 34. Kf2 e3+ 35. Kg1 Bxc4 36. bxc4 Qd1+ 0-1

[Event "Bois Colombes op 2nd"]
[Site "Bois Colombes"]
[Date "2005.12.24"]
[Round "4"]
[White "Engel, Gerard"]
[Black "Ferry, Roger"]
[Result "0-1"]
[WhiteElo "1821"]
[BlackElo "2093"]
[PlyCount "58"]
[EventDate "2005.12.21"]
[EventType "swiss"]
[EventRounds "6"]
[EventCountry "FRA"]
[SourceTitle "EXT 2007"]
[Source "ChessBase"]
[SourceDate "2006.11.23"]
[SourceVersion "1"]
[SourceVersionDate "2006.11.23"]
[SourceQuality "1"]

1. c4 c6 2. g3 d5 3. Bg2 Nf6 4. Nf3 Bf5 5. 0-0 e6 6. d3 Be7 7. Be3 Nbd7 8. Qb3 b6 9. cxd5 exd5 10. Nd4 Nc5 11. Qc2 Bd7 12. Nd2 Ng4 13. N2f3 Rc8 14. Qd2 Nxe3 15. fxe3 Bf6 16. Rac1 0-0 17. b4 Nb7 18. Nb3 Re8 19. d4 Nd6 20. Ne5 Bxe5 21. dxe5 Rxe5 22. Qd4 Qe7 23. Rc3 Nb5 24. Qd2 Nxc3 25. Qxc3 Rxe3 26. Qd4 Rxe2 27. Nd2 Qe3+ 28. Qxe3 Rxe3 29. Rf2 Rce8 0-1

[Event "Paris-ch"]
[Site "Paris"]
[Date "2004.07.09"]
[Round "7"]
[White "Chomet, Pascal"]
[Black "Ferry, Roger"]
[Result "1-0"]
[WhiteElo "2370"]
[BlackElo "2185"]
[PlyCount "107"]
[EventDate "2004.07.03"]
[EventType "swiss"]
[EventRounds "9"]
[EventCountry "FRA"]
[SourceTitle "CBM 101 Extra"]
[Source "ChessBase"]
[SourceDate "2004.09.01"]
[SourceVersion "2"]
[SourceVersionDate "2004.09.01"]
[SourceQuality "1"]

1. g3 d5 2. Bg2 c6 3. d3 Nf6 4. Nd2 Bf5 5. e4 dxe4 6. dxe4 Bg4 7. f3 Bh5 8. g4 Bg6 9. f4 h6 10. Qf3 e6 11. Ne2 Be7 12. Ng3 Nfd7 13. Nc4 f6 14. Be3 e5 15. 0-0-0 Qc7 16. Nf5 Bxf5 17. gxf5 b5 18. Qh5+ Kf8 19. Bf1 exf4 20. Bd4 Ne5 21. Nxe5 fxe5 22. f6 exd4 23. fxe7+ Kxe7 24. Rg1 Rg8 25. Bh3 Nd7 26. e5 g6 27. Qxh6 Nxe5 28. Rge1 Raf8 29. Qg5+ Rf6 30. Rxe5+ Kf7 31. Rxd4 Rd8 32. Rxf4 Rdd6 33. Rxf6+ Rxf6 34. Re1 Qxh2 35. Qe3 Kg7 36. Qxa7+ Kh6 37. Qe3+ Kg7 38. a3 Rf2 39. Qd4+ Kh6 40. Qh8+ Kg5 41. Qd8+ Kh6 42. Qd3 c5 43. Kb1 c4 44. Qe3+ Kg7 45. Qd4+ Kh6 46. Qh8+ Kg5 47. Re5+ Rf5 48. Re1 Rf2 49. Qe5+ Qxe5 50. Rxe5+ Kh4 51. Bd7 g5 52. Rxb5 Rf7 53. Be6 Rc7 54. Rb4 1-0

[Event "FRA-ch qual"]
[Site "Bescanon"]
[Date "1999.08.22"]
[Round "5"]
[White "Pira, Davoud"]
[Black "Ferry, Roger"]
[Result "1-0"]
[WhiteElo "2397"]
[BlackElo "2212"]
[PlyCount "91"]
[EventDate "1999.08.18"]
[EventType "swiss"]
[EventRounds "11"]
[EventCountry "FRA"]
[SourceTitle "EXT 2000"]
[Source "ChessBase"]
[SourceDate "1999.11.16"]
[SourceVersion "1"]
[SourceVersionDate "1999.11.16"]
[SourceQuality "1"]

1. d4 d5 2. c4 c6 3. Nc3 Nf6 4. cxd5 cxd5 5. Bf4 Qb6 6. Qb3 e6 7. Qxb6 axb6 8. Rc1 Nc6 9. e3 Bb4 10. a3 Bxc3+ 11. Rxc3 0-0 12. Nf3 Bd7 13. Bd3 Rfc8 14. 0-0 Na7 15. Rfc1 Rxc3 16. Rxc3 Rc8 17. Rxc8+ Nxc8 18. Ne5 Ba4 19. g4 Nd7 20. Nxd7 Bxd7 21. g5 g6 22. Bc7 Kf8 23. f3 Ke7 24. b3 Bc6 25. Kf2 Kd7 26. Be5 Na7 27. e4 Bb5 28. Bc2 Ba6 29. Ke3 Nb5 30. a4 Na7 31. h4 b5 32. axb5 Bxb5 33. h5 Bc6 34. h6 Nc8 35. Kf4 Nb6 36. Bg7 Ke7 37. Bf6+ Kd6 38. Bd8 Nc8 39. Ba5 dxe4 40. fxe4 Ke7 41. Ke5 Kf8 42. Bb4+ Kg8 43. Bd3 Nb6 44. Kd6 Kh8 45. Bc5 Nd7 46. d5 1-0

[Event "FRA-ch qual"]
[Site "Bescanon"]
[Date "1999.08.18"]
[Round "1"]
[White "Ferry, Roger"]
[Black "Lupu, Mircea Sergiu"]
[Result "0-1"]
[WhiteElo "2212"]
[BlackElo "2489"]
[PlyCount "68"]
[EventDate "1999.08.18"]
[EventType "swiss"]
[EventRounds "11"]
[EventCountry "FRA"]
[SourceTitle "EXT 2000"]
[Source "ChessBase"]
[SourceDate "1999.11.16"]
[SourceVersion "1"]
[SourceVersionDate "1999.11.16"]
[SourceQuality "1"]

1. d4 d5 2. Nf3 Nf6 3. Bf4 e6 4. e3 c5 5. c3 Nc6 6. Nbd2 Bd6 7. Bg5 0-0 8. Qb3 a6 9. a4 Re8 10. Be2 h6 11. Bh4 Rb8 12. 0-0 b6 13. Rfe1 Bb7 14. Rad1 Qc7 15. Rc1 Ne4 16. Bg3 Nxg3 17. hxg3 Rec8 18. Qd1 Rd8 19. Qc2 Be7 20. c4 cxd4 21. cxd5 Rxd5 22. exd4 Qd8 23. Nb3 Rc8 24. Qe4 Nb4 25. Ne5 Bf6 26. Rxc8 Qxc8 27. Rc1 Rc5 28. Rxc5 bxc5 29. Qf4 cxd4 30. Nxd4 Nd5 31. Qe4 Nc3 32. Qd3 Nxe2+ 33. Qxe2 Qc5 34. Ndf3 a5 0-1

[Event "FRA-ch Accession"]
[Site "Narbonne "]
[Date "1997.??.??"]
[Round "8"]
[White "Giffard, Nicolas"]
[Black "Ferry, Roger"]
[Result "1-0"]
[WhiteElo "2390"]
[BlackElo "2210"]
[PlyCount "65"]
[EventDate "1997.08.??"]
[EventType "swiss"]
[EventRounds "11"]
[EventCountry "FRA"]
[SourceTitle "EXT 2021"]
[Source "ChessBase"]
[SourceDate "2020.10.23"]
[SourceVersion "1"]
[SourceVersionDate "2020.10.23"]
[SourceQuality "1"]

1. Nf3 d5 2. c4 c6 3. Qb3 Qb6 4. Qc2 e6 5. d4 Nf6 6. a3 Nbd7 7. e3 Be7 8. Nbd2 0-0 9. b3 Qc7 10. Bb2 b6 11. Bd3 Bd6 12. Rc1 Qb8 13. h3 Bb7 14. 0-0 e5 15. cxd5 cxd5 16. dxe5 Nxe5 17. Be2 Nxf3+ 18. Nxf3 Ne4 19. Qb1 Rc8 20. Qa1 Rxc1 21. Rxc1 Qf8 22. Rd1 Nc5 23. Nd4 Be5 24. Qa2 g6 25. Bf3 Qg7 26. b4 Ne4 27. Bxe4 dxe4 28. Ne6 fxe6 29. Qxe6+ Qf7 30. Qxe5 Kf8 31. Rd6 Re8 32. Qd4 Re6 33. Qh8+ 1-0

[Event "FRA-ch Accession"]
[Site "Montpellier"]
[Date "1991.??.??"]
[Round "6"]
[White "Ferry, Roger"]
[Black "Roos, Michel"]
[Result "1-0"]
[WhiteElo "2245"]
[BlackElo "2100"]
[PlyCount "61"]
[EventDate "1991.??.??"]
[EventType "swiss"]
[EventRounds "11"]
[EventCountry "FRA"]
[SourceTitle "EXT 1999"]
[Source "ChessBase"]
[SourceDate "1998.11.16"]
[SourceVersion "1"]
[SourceVersionDate "1998.11.16"]
[SourceQuality "1"]

1. d4 Nf6 2. Nf3 g6 3. Bf4 Bg7 4. e3 0-0 5. c3 d6 6. Nbd2 c5 7. dxc5 dxc5 8. h3 Nc6 9. Be2 Nh5 10. Bh2 e5 11. g4 Nf6 12. Nxe5 Nxe5 13. Bxe5 Nxg4 14. Bxg7 Nxe3 15. Qc1 Kxg7 16. fxe3 Qh4+ 17. Kd1 Bxh3 18. Kc2 Bf5+ 19. e4 Bxe4+ 20. Nxe4 Qxe4+ 21. Bd3 Qg2+ 22. Kb3 h5 23. Qf4 Rac8 24. Rag1 Qc6 25. Qe5+ Kg8 26. Rxh5 c4+ 27. Kc2 cxd3+ 28. Kb1 f6 29. Rxg6+ Kf7 30. Rh7+ Kxg6 31. Qh5# 1-0